Network security essentials (Record no. 24421)

MARC details
000 -LEADER
fixed length control field 00482nam a2200181Ia 4500
008 - FIXED-LENGTH DATA ELEMENTS--GENERAL INFORMATION
fixed length control field 230917s9999||||xx |||||||||||||| ||und||
020 ## - ISBN
Price RS699
040 ## - CATALOGING SOURCE
-- 243048
Original cataloging agency VIVEKANANDA LIBRARY
041 ## - Language
-- English
082 ## - DDC NUMBER
Classification number 005.8 S18N(4)
100 ## - MAIN ENTRY--PERSONAL NAME
Personal name Stallings, William
245 #0 - TITLE STATEMENT
Title Network security essentials
250 ## - EDITION STATEMENT
Edition statement 4th ed.
260 ## - PUBLICATION, DISTRIBUTION, ETC. (IMPRINT)
Place of publication, distribution, etc Noida
Name of publisher, distributor, etc Pearson India Education
Date of publication, distribution, etc 2018
300 ## - PHYSICAL DESCRIPTION
Pages xiv, 417 p.
500 ## - GENERAL NOTE
General note 2907 03/11/2017 HBD17/7078 07/11/2017 Main Budget
942 ## - ADDED ENTRY ELEMENTS (KOHA)
Koha item type Books
Holdings
Withdrawn status Lost status Damaged status Not for loan Location (home branch) Sublocation or collection (holding branch) Date acquired Koha issues (times borrowed) Koha full call number Accession No. Koha date last seen Koha item type
        VIVEKANANDA LIBRARY VIVEKANANDA LIBRARY 04/12/2017   005.8 S18N(4) 367661 17/09/2023 Books
        VIVEKANANDA LIBRARY VIVEKANANDA LIBRARY 04/12/2017   005.8 S18N(4) 367662 17/09/2023 Books
        VIVEKANANDA LIBRARY VIVEKANANDA LIBRARY 04/12/2017   005.8 S18N(4) 367663 17/09/2023 Books
        VIVEKANANDA LIBRARY VIVEKANANDA LIBRARY 04/12/2017   005.8 S18N(4) 367664 17/09/2023 Books
        VIVEKANANDA LIBRARY VIVEKANANDA LIBRARY 04/12/2017   005.8 S18N(4) 367665 17/09/2023 Books
© Designed and Maintained by Vivekananda Library, MDU Rohtak